| 000 | 00952nam a2200253 a 4500 | ||
|---|---|---|---|
| 001 | 5481 | ||
| 003 | CDMR | ||
| 005 | 20131113141024.0 | ||
| 008 | 130130s2000||||||||||||||||||||||||||||d | ||
| 020 | _a847476310X | ||
| 040 |
_aCDMR _bcat _cCDMR |
||
| 245 | 0 |
_aProfesionales del periodismo _b: hombres y mujeres en los medios de comunicación _cMarisa García de Cortázar, Mª Antonia García de León (coords.) |
|
| 260 |
_aMadrid _bCentro de Investigaciones Sociológicas |
||
| 260 |
_c2000 _bSiglo XXI |
||
| 300 |
_a294p ; _c20 cm |
||
| 490 | 0 |
_aMonografías (Centro de Investigaciones Sociológicas) _v181 |
|
| 650 | 0 | 4 |
_94233 _aDones en el periodisme |
| 650 | 0 | 4 |
_92913 _aDones periodistes |
| 650 | 0 | 4 |
_93083 _aCompetències professionals |
| 650 | 0 | 4 |
_9921 _aMitjans de comunicació de massa _xAspectes sociològics |
| 700 | 1 |
_94346 _aGarcía de Cortázar, Marisa _ecoord. |
|
| 700 | 1 |
_94347 _aGarcía de León, Mª Antonia _ecoord. |
|
| 942 |
_cMON _2udc |
||
| 999 |
_c5481 _d5481 |
||